Traditional performing arts of Korea

Bibliographic Details
Main Author: Kyung-wook, Jeon, 1959- (Author)
Format: Book
Language:English
PhysicalDescription:159 s. fotogr. (prevažne fareb.), ilustr. 25 cm
Published: Seoul Korea Foundation c2008
ISBN:9788986090260
Series:Korean culture series
Subjects:

MARC

LEADER 00000nam a2200000 a 4500
001 vtls009337102
003 SK-MaSNL
005 20260301081809.0
008 251124s2008 ko oa g 000 0 eng
020 |a 9788986090260  |q (viaz.) 
040 |a SNK  |b slo  |c SNK  |e AACR2 
041 0 |a eng 
043 |a a-kr--- 
044 |a ko  |c KR 
072 7 |a 39  |x Etnológia. Etnografia. Folklór  |2 konspekt 
080 |a 39  |2 2001 
080 |a 792  |2 2001 
080 |a (519)  |2 2001 
080 |a (048.8)  |2 2001 
100 1 |a Kyung-wook, Jeon,  |d 1959-  |4 aut  |9 405674 
245 1 0 |a Traditional performing arts of Korea  |c Jeon Kyun-wook 
260 |a Seoul  |b Korea Foundation  |c c2008 
300 |a 159 s.  |b fotogr. (prevažne fareb.), ilustr.  |c 25 cm 
490 1 |a Korean culture series  |v 10 
504 |a Obsahuje bibliogr. 
650 0 7 |a ľudová kultúra  |2 SNKPH  |9 66058 
650 0 7 |a divadlo  |2 SNKPH  |9 3335 
651 7 |a Kórea  |2 SNKPH  |9 21653 
655 7 |a monografie  |2 SNKPH  |9 70139 
830 0 |a Korean culture series  |9 405675 
919 |a 978-89-86090-26-0 
999 |c 656839  |d 658769 
952 |t snkTRA 398(519)  |a SNKUST  |b SNKUST  |y PREZ  |7 0  |p 17A0601430  |o snkIC 137126  |i snk2008/19965  |8 2  |g 21.14  |0 0  |1 0  |4 0  |d 2008-09-23  |l 0  |r 2025-03-21 00:00:00  |w 2026-02-23